00974nam a2200289Ia 450000500170000000800270001702000150004410000330005924501120009225000360020430000260024049000180026665000360028465000400032065000230036065000260038370000440040970000390045394200150049226400280050733600270053533700330056233800280059504000350062308400110065899900150066920220317000311.0141031s9999 ck 000 0 spa d a97062731921 aDumas, Alejandro,d1802-187013aLa dama de las camelias cAlejandro Dumas ; Prólogo por Pilar Obón ; traducción de María Lara Solis a1a ediciónb10a reimpresión a207 páginasc17 cm. aNuevo talento142LEMBaNovela francesaySiglo XX142LEMBaLiteratura francesaySiglo XX142LEMBaAmorvNovela142LEMBaMujeresvNovela aLara Solís, Maríaetraductor9129851 aObón, Pilar eprologuista912986 2loccBKLIT aMéxicobÉpocac2010 atextobtxt2rdacontent asin mediaciónbn2rdamedia avolumenbnc2rdacarrier aCO-BoRNBPbspaerdacCO-BoRNBP aN DUM1 c3660d3660